Films des années 1990 par images - Statistiques

Statistiques générales
  • Ce quiz a été pris 126 fois
  • Le résultat moyen est 17 sur 20
Statistiques - réponses
Par images Réponse % Correct
Forrest Gump
98%
Les Visiteurs
97%
Maman, j'ai raté l'avion !
97%
Matrix
96%
Titanic
96%
Jurassic Park
94%
Men in Black
90%
Le Dîner de cons
88%
Pulp Fiction
88%
Taxi
88%
Fight Club
87%
La Haine
87%
The Truman Show
81%
Il faut sauver le soldat Ryan
80%
Les Trois Frères
74%
La Cité de la peur
73%
La Liste de Schindler
68%
La vie est belle
65%
Le Cinquième Élément
63%
Les Évadés
63%
Aucun quiz correspondant
Distribution des résultats
% des personnes avec chaque résultat
Percentile par nombre de réponses
Votre historique - résultats
Vous n’avez pas pris ce quiz